000
00322nam a2200121Ia 4500
008
190415s9999 xx 000 0 und d
082
_a
RL.0012
100
_a
Miller, Kent S.
245
0
_a
Illicit drug use : Known encounters in the criminal justice system, educational
260
_c
1972
300
_a
175p.
942
_c
BK
999
_c
15018
_d
15018